00729cam a22002292 4500001001100000005001700011008004100028020001700069040001500086100003300101245006000134250001300194260002600207300001800233650005100251700003500302852001400337908001100351950000600362999001700368952011400385000002052220151217154441.0110921s xx 000 0 eng d a0853694826 : aKABUcKABU1 aStone, Patricia.@000018086410aPharmacy practice /cPatricia Stone, Stephen J. Curtis. a3rd ed. aLondon :bPhP,c2002. axvii, 355 p. 0aPharmacyxPracticezGreat Britain.@00001808651 aCurtis, Stephen J.@00001808661 9p4495 KES a110921 @1 c11369d11369 00102lcc70aKABUbKABUd2015-12-17l0oRS100.4 .G7S76 2002 c. 1p21769r2015-12-17 00:00:00w2015-12-17yBK